| 000 | 00000nam##2200000za#4500 |
| 001 | 9.643352 |
| 003 | CaOODSP |
| 005 | 20250910142445 |
| 007 | cr ||||||||||| |
| 008 | 150407|1997||||xxc|||||o f|0| 0 fre|d |
| 040 | |aCaOODSP|bfre |
| 043 | |an-cn--- |
| 086 | 1 |aD2-109/1996F-PDF |
| 110 | 1 |aCanada. |bMinistère de la défense nationale. |
| 245 | 10|aLes multiples faces éthiques de la défense : |h[ressource électronique]|bactes de la Conférence sur l'éthique dans la défense canadienne, Ottawa, les 24 et 25 octobre 1996 / |cprésenté par le Programme d'éthique de la Défense, Chef-Services d'examen, Quartier général de la Défense nationale. |
| 260 | |aOttawa - Ontario : |bDéfense nationale |cc1997. |
| 300 | |a127p. |
| 500 | |a« ... première conférence portant sur l'éthique à la Défense.»--Page 9 des 127, Mots d'ouverture. Le n° de cat. (D2-109/1996) et l'ISBN (0-662-62955-8) de l'édition imprimée bilingue ont été incorrectement copiés dans l'édition PDF. |
| 590 | |a14-12-Supp|b2014-05-30 |
| 691 | 07|aPolitique de défense|2gcpds |
| 691 | 07|aÉthique|2gcpds |
| 775 | 08|tThe many faces of ethics in defence : |w(CaOODSP)9.699360 |
| 776 | 0#|tThe many faces of ethics in defence : |w(CaOODSP)9.659285 |
| 776 | 0#|tLes multiples faces éthiques de la défense : |w(CaOODSP)9.659286 |
| 856 | 40|ahttp://publications.gc.ca|qPDF|s1661 Ko|uhttps://publications.gc.ca/collections/collection_2014/mdn-dnd/D2-109-1996-fra.pdf |
| 986 | |aUSFC(O) Services créatifs 96GA-0696 |